000 00633nam a2200229Ia 4500
003 OSt
005 20220925224247.0
006 a|||||r|||| 00| 0
007 ta
008 220923b |||||||| |||| 00| 0 eng d
037 _cGeneral Book
040 _aRTL
_cRTL
_beng
041 _2eng
_aeng
082 _aXxM06:g, M3
100 _aGray John
_98031
245 0 _aMill on liberty
_b A defence
260 _aLondon
_bRoutledge & Kegan Paul
_c1983
300 _axiii,143p
_ccm.
490 _aInternational Library of Philosophy
942 _hXxM06:g, M3
_cGB
_2CC
999 _c581195
_d581195